Stabilising the Global Greenhouse <A> Simulation Model

Saved in:
Bibliographic Details
Main Author: Michaelis, Peter
Format: Book
Language:English
Published: Kiel Institut für Weltwirtschaft 1993
Series:Kiel Working Paper No.604
Subjects:
Tags: Add Tag
No Tags, Be the first to tag this record!

MARC

LEADER 00000nam a2200000 4500
001 c005351
005 20250521093100.7
041 0 |a eng 
044 |a DE 
245 1 0 |a Stabilising the Global Greenhouse  |b <A> Simulation Model  |c Peter Michaelis 
264 1 |a Kiel  |b Institut für Weltwirtschaft  |c 1993 
300 |a 31 s. 
490 1 |a Kiel Working Paper  |v No.604 
830 0 |a Kiel Working Paper  |v No.604 
610 2 0 |a ochrana prostredia životného 
610 2 0 |a prostredie životné 
610 2 0 |a modely simulačné 
610 2 0 |a atmosféra 
610 2 0 |a znečistenie ovzdušia 
100 1 |a Michaelis, Peter